Hướng dẫn kỹ thuật phiên dịch Anh-Việt Việt-Anh= : Interpreting techniques English-Vietnamese Vietnamese-English /

Các cấp độ và loại hình dịch; Tiêu chí, quy tắc & đạo đức của người phiên dịch; Nghe hiểu để dịch; Trí nhớ; Ghi chép để dịch; Từ đồng nghĩa và sự kết hợp từ; Diễn giải và tái diễn đạt; Đơn giản hóa; Giải thích và dịch tên riêng; Kỹ năng trình bày....

Полное описание

Сохранить в:
Библиографические подробности
Главный автор: Nguyễn, Quốc Hùng, M.A.
Формат:
Язык:English
Vietnamese
Опубликовано: Tp.HCM : NXB Tổng Hợp Tp. HCM, 2007.
Предметы:
Метки: Добавить метку
Нет меток, Требуется 1-ая метка записи!
Thư viện lưu trữ: Mạng thư viện Đại học Đà Nẵng
LEADER 01554nam a2200349 a 4500
001 000041748
003 29128
005 20201030152904.0
008 171030s2007
020 |c 45000 
040 |a lnn  |c lnn  |d lnn 
041 0 |a eng  |a vie 
082 1 4 |a 428.02  |b NG-H 
100 1 |a Nguyễn, Quốc Hùng,  |c M.A. 
245 1 0 |a Hướng dẫn kỹ thuật phiên dịch Anh-Việt Việt-Anh= :  |b Interpreting techniques English-Vietnamese Vietnamese-English /  |c Nguyễn Quốc Hùng, M.A. 
260 |a Tp.HCM :  |b NXB Tổng Hợp Tp. HCM,  |c 2007. 
300 |a 198 tr. 
520 3 |a Các cấp độ và loại hình dịch; Tiêu chí, quy tắc & đạo đức của người phiên dịch; Nghe hiểu để dịch; Trí nhớ; Ghi chép để dịch; Từ đồng nghĩa và sự kết hợp từ; Diễn giải và tái diễn đạt; Đơn giản hóa; Giải thích và dịch tên riêng; Kỹ năng trình bày. 
630 0 4 |a Phiên dịch. 
630 0 4 |a Kỹ thuật phiên dịch. 
650 0 4 |a Phiên dịch  |x Anh-Việt. 
650 0 4 |a Phiên dịch  |x Việt-Anh. 
OWN |a LNN 
902 |a TKA 
AVA |a UDN50  |b LNN  |c English  |d 428.02 NG-H  |e available  |t Error 5001 Not defined in file expand_doc_bib_avail.  |f 1  |g 0  |h N  |i 0  |j AN  |k 1 
999 |a From the UDN01 
AVA |a UDN50  |b LNN  |c English  |d 428.02 NG-H  |e available  |t Error 5001 Not defined in file expand_doc_bib_avail.  |f 1  |g 0  |h N  |i 0  |j AN  |k 1 
TYP |a Monograph 
TYP |a Printed language 
980 |a Mạng thư viện Đại học Đà Nẵng